Countries in the Middle #4 - Statistics

General Stats
  • This quiz has been taken 6 times
  • The average score is 6 of 10
Answer Stats
Category Countries % Correct
Net National Income per Capita Sri Lanka | Samoa | Jordan | Guatemala | Belize | Guyana | Tonga | Iraq | Turkmenistan | Armenia | Georgia | Eswatini | Phillipines | Algeria | El Salvador
83%
Percent of Women in Parliaments Greece | Equatorial Guinea | Honduras | Panama | Seychelles | Lithuania | Bosnia and Herzegovina | Kenya | Romania | Bangladesh | Croatia | Ukraine | Morocco | Mauritania | Pakistan
67%
Air Transport (Passengers Carried) Moldova | Bahamas | Brunei | Laos | Belize | Cambodia | Tanzania | Angola | Slovenia | Rwanda | Bulgaria | Papua New Guinea | Democratic Republic of the Congo | Libya | Ivory Coast
67%
Price for gasoline (US$ per liter) Sudan | Kenya | China | Republic of the Congo | Angola | India | Costa Rica | Honduras | Uganda | Ivory Coast | Laos | Australia | Bahamas | Gabon | South Africa
67%
International Tourism (Arrival Numbers) Botswana | Paraguay | Ecuador | Nicaragua | Ivory Coast | Panama | Lebanon | Montenegro | El Salvador | Namibia | Serbia | Armenia | Mozambique | Bahamas | Uganda
50%
Secondary Education (Number of Students) Czech Republic | Paraguay | United Arab Emirates | Sierra Leone | Chad | Greece | Belarus | Rwanda | Papua New Guinea | Nicaragua | Austria | El Salvador | Bolivia | Oman | Denmark
50%
International Tourism (Depature Numbers) Democratic Republic of the Congo | Dominican Republic | Uganda | Malta | Iceland | Libya | Honduras | Belarus | Gambia | Mauritius | Trinidad and Tobago | Gabon | Moldova | Sudan | Congo
50%
International tourism, expenditures (% of total imports) Italy | Zimbabwe | Switzerland | Malaysia | Guyana | Spain | Suriname | Bulgaria | Fiji | Cambodia | Pakistan | Croatia | Guatemala | Singapore | Bhutan
50%
Refugee Population by Country of Asylum Portugal | Czech Republic | Belarus | Eritrea | Namibia | Panama | Peru | Ukraine | Botswana | Luxembourg | Chile | Georgia | Japan | Ivory Coast | Lithuania
50%
Tax Revenue (% of GDP) Rwanda | Costa Rica | Spain | Uganda | Philippines | Uzbekistan | Bahamas | Czech Republic | Mongolia | Burundi | Papua New Guinea | Singapore | Peru | Azerbaijan | Mexico
50%
No matching quizzes found
Score Distribution
Percent of People with Each Score
Percentile by Number Answered
Your Score History
You have not taken this quiz